000 00540nam a22001937a 4500
999 _c262680
_d262679
003 OSt
005 20240130124805.0
008 240130b xxu||||| |||| 00| 0 eng d
010 _a 2006023679
020 _a9781465499578(pbk.)
040 _c DLC
050 _a VM365
_b .L63 2007
100 _a Lock, Deborah.
245 _a Submarines and submersibles /
_c written by Deborah Lock.
250 _a1st American ed.
260 _a New York, N.Y. :
_b|DK Pub.,
_c2007.
300 _a 32 p. :
_bcol. ill. ;
_c24 cm.
942 _2lcc
_cBK